Reglamento de la Junta de Señoras para la fundación é inspección de una sala de asilo para párvulos en Barcelona
Descripción Física:
8 p. ; 22 cm
MARC
| LEADER | 00000nam a2200000Ia 4500 | ||
|---|---|---|---|
| 001 | 17995 | ||
| 008 | 160829s1861 xx 000 0 cat d | ||
| 080 | |a RF-2-35 | ||
| 245 | |a Reglamento de la Junta de Señoras para la fundación é inspección de una sala de asilo para párvulos en Barcelona | ||
| 260 | |a Barcelona : |b Establecimiento tipográfico de Narciso Ramírez, |c 1861 | ||
| 300 | |a 8 p. ; |c 22 cm | ||
| 590 | |a Prové de 4757. | ||
| 650 | |a Guarderies |9 47238 | ||
| 650 | |a Infants |x Assistència institucional |9 47239 | ||
| 650 | 0 | |a Beneficència |9 43515 | |
| 856 | 4 | |u https://media.diba.cat/diba/fitxers/arxiu/fulletons/bib_17995_1861_baixa.pdf |y Accés lliure | |
| 856 | 4 | |u https://media.diba.cat/diba/fitxers/arxiu/fulletons/bib_17995_1861_baixa.pdf |y Accés lliure | |
| 901 | |a Arxiu | ||
| 942 | |n 1 |2 udc | ||
| 952 | |0 0 |1 0 |4 0 |6 RF235 |7 1 |9 53765 |a Arxiu |b Arxiu |d 2016-12-01 |l 0 |o RF-2-35 |p 17995 |r 2016-12-01 00:00:00 |w 2016-12-01 |y ARXIU | ||
| 999 | |c 57631 |d 57631 | ||
| 900 | |a bib_17995_1861_baixa.pdf | ||